'Commercially' Viable Quiz Stats

Quiz Updated Jun 24, 2016

Challenge
Share
Tweet
Score 0/20 Timer 05:00
2 Plays Today
Actor % Correct
Brad Pitt (Pringles)
89.1%
John Travolta (Band Aid)
88.6%
Keanu Reeves (Suntory Wine)
85.8%
Leonardo DiCaprio (Honda)
85.7%
Steve Carell (Brown's Chicken)
76%
Matt LeBlanc (Heinz)
63.8%
Jodie Foster (Viewmaster)
57%
Seth Green (Nerf)
51.3%
Wesley Snipes (Levi's)
50.8%
Farrah Fawcett (Noxema)
50.6%
Actor % Correct
Meg Ryan (Aim)
47.1%
Paul Rudd (Nintendo)
43.2%
Tom Selleck (Safeguard)
38.2%
Lindsay Lohan (Jello)
37.9%
Ben Affleck (Burger King)
34.6%
Sharon Stone (Seagrams)
28%
Tina Fey (Mutual Savings Bank)
23.4%
Elijah Wood (National Dairy Council)
18.5%
Teri Garr (Safeguard)
14.5%
Sarah Michelle Gellar (Burger King)
5.5%

You're not logged in!

Compare scores with friends on all Sporcle quizzes.
Sign Up with Email
OR
Log In

You Might Also Like...

Show Comments

Extras

Top Quizzes Today


Score Distribution

Your Account Isn't Verified!

In order to create a playlist on Sporcle, you need to verify the email address you used during registration. Go to your Sporcle Settings to finish the process.